<?xml version="1.0" encoding="UTF-8"?><record xmlns="http://www.loc.gov/MARC21/slim" xmlns:zs="http://docs.oasis-open.org/ns/search-ws/sruResponse">
  <leader>00373nz  a2200145n  4500</leader>
  <controlfield tag="001">sh2010113255</controlfield>
  <controlfield tag="003">DLC</controlfield>
  <controlfield tag="005">20100803074816.0</controlfield>
  <controlfield tag="008">100803|| anannbabn          |n ana      </controlfield>
  <datafield ind1=" " ind2=" " tag="010">
    <subfield code="a">sh2010113255</subfield>
  </datafield>
  <datafield ind1=" " ind2=" " tag="035">
    <subfield code="a">(DLC)479144</subfield>
  </datafield>
  <datafield ind1=" " ind2=" " tag="040">
    <subfield code="a">DLC</subfield>
    <subfield code="b">eng</subfield>
    <subfield code="c">DLC</subfield>
  </datafield>
  <datafield ind1=" " ind2=" " tag="150">
    <subfield code="a">Slavery</subfield>
    <subfield code="z">Missouri</subfield>
  </datafield>
  <datafield ind1=" " ind2=" " tag="667">
    <subfield code="a">Record generated for validation purposes.</subfield>
  </datafield>
  <datafield ind1=" " ind2=" " tag="670">
    <subfield code="a">Work cat.: The new man, 1996</subfield>
  </datafield>
</record>
